| 000 | 00580nam a22001937a 4500 | ||
|---|---|---|---|
| 003 | CEME | ||
| 005 | 20210628202645.0 | ||
| 008 | 210210b xxu||||| |||| 00| 0 eng d | ||
| 020 | _a0-632-06001-8 | ||
| 040 | _c. | ||
| 082 | _a621.3190289 SMI | ||
| 100 |
_aMadden, John M,Smith, Ken Oldham _960941 |
||
| 245 | _aElectrical safety and the law a guide to compliance | ||
| 250 | _a4TH | ||
| 260 |
_aNEW YORK _bBLACKWELL SCIENCE _c2002 |
||
| 300 | _aXIII,362P | ||
| 650 |
_aELECTRICAL SAFETY PRECAUTIONS; ELECTRICAL ACCIDENTS; ELECTRICAL SAFETY LAW _960942 |
||
| 942 |
_cBK _2ddc |
||
| 999 |
_c570538 _d570538 |
||